[Event "NDVM 2025 U16"]
[Site "Binz"]
[Date "2025.09.05"]
[Round "2.1"]
[White "Zobel, Christian"]
[Black "Haubold, Christian"]
[Result "1-0"]
[EventDate "2025.09.05"]
[Time "14:30:00"]
[Board "1"]
[WhiteElo "2212"]
[BlackElo "1997"]
[WhiteNrv "2177"]
[BlackNrv "2083"]
[WhiteTwz "2177"]
[BlackTwz "2083"]
[WhiteTitle "CM"]
[BlackTitle ""]
[WhiteFideId "16259068"]
[BlackFideId "16259629"]
[WhiteNatFedId "10660429"]
[BlackNatFedId "10667593"]
[WhiteAttr "M"]
[BlackAttr "M"]
[WhiteTeam "SC Borussia Lichtenberg"]
[BlackTeam "USC Magdeburg"]
[PlyCount "0"]
[Annotator "Rnd./Pair./Board: 02.001.01"]

1. d4 Nf6 2. c4 g6 3. Nc3 Bg7 4. e4 d6 5. f3 O-O 6. Be3 Nbd7 7. Qd2 c5 8. d5 a6 9. Bh6 b5 10. Bxg7 Kxg7 11. cxb5 Qa5 12. bxa6 Bxa6 13. Bxa6 Rxa6 14. Nge2 Ne5 15. O-O Nc4 16. Qc1 Qb6 17. b3 Ne5 18. Qe3 Qb4 19. h3 Rfa8 20. f4 Ned7 21. e5 Ng8 22. e6 Ndf6 23. exf7 Kxf7 24. f5 Qh4 25. Rf4 Qh6 26. fxg6+ hxg6 27. Raf1 Kg7 28. Ng3 Qg5 29. h4 Qe5 30. Qd2 1-0

[Event "NDVM 2025 U16"]
[Site "Binz"]
[Date "2025.09.05"]
[Round "2.2"]
[White "Kuhlmann, Nils Magnus"]
[Black "Svanidze, Alexander"]
[Result "1/2-1/2"]
[EventDate "2025.09.05"]
[Time "14:30:00"]
[Board "2"]
[WhiteElo "1841"]
[BlackElo "1815"]
[WhiteNrv "1790"]
[BlackNrv "1807"]
[WhiteTwz "1790"]
[BlackTwz "1807"]
[WhiteTitle ""]
[BlackTitle ""]
[WhiteFideId "16287177"]
[BlackFideId "34623469"]
[WhiteNatFedId "10827143"]
[BlackNatFedId "10768095"]
[WhiteAttr "M"]
[BlackAttr "M"]
[WhiteTeam "USC Magdeburg"]
[BlackTeam "SC Borussia Lichtenberg"]
[PlyCount "0"]
[Annotator "Rnd./Pair./Board: 02.001.02"]

1. e4 e5 2. Nf3 Nf6 3. Nc3 Bb4 4. d3 O-O 5. Bg5 Re8 6. a3 Bxc3+ 7. bxc3 d6 8. Be2 Nbd7 9. O-O h6 10. Bh4 Nf8 11. Bg3 Ng6 12. Nd2 d5 13. Bf3 c6 14. Re1 dxe4 15. Nxe4 Nxe4 16. dxe4 Qa5 17. Re3 Be6 18. Qd6 Rad8 19. Qb4 Qc7 20. Rb1 a5 21. Qb6 Qxb6 22. Rxb6 Rd7 23. Rd3 Rc7 24. Rd2 Bc4 25. Be2 Bxe2 26. Rxe2 Rd8 27. Kf1 f6 28. f3 Ne7 29. a4 Nc8 30. Rb1 Rcd7 31. Bf2 Kf7 32. Ke1 Ke6 33. Bc5 Nd6 34. Bb6 Ra8 35. Bc5 Rad8 36. Bb6 1/2-1/2

[Event "NDVM 2025 U16"]
[Site "Binz"]
[Date "2025.09.05"]
[Round "2.3"]
[White "Gerull, Noah"]
[Black "Pham, Jacky"]
[Result "0-1"]
[EventDate "2025.09.05"]
[Time "14:30:00"]
[Board "3"]
[WhiteElo "1825"]
[BlackElo "1647"]
[WhiteNrv "1761"]
[BlackNrv "1680"]
[WhiteTwz "1761"]
[BlackTwz "1680"]
[WhiteTitle ""]
[BlackTitle ""]
[WhiteFideId "34661395"]
[BlackFideId "34611606"]
[WhiteNatFedId "10808499"]
[BlackNatFedId "10766089"]
[WhiteAttr "M"]
[BlackAttr "M"]
[WhiteTeam "SC Borussia Lichtenberg"]
[BlackTeam "USC Magdeburg"]
[PlyCount "0"]
[Annotator "Rnd./Pair./Board: 02.001.03"]

1. d4 Nf6 2. Bg5 c5 3. d5 Qb6 4. Bxf6 exf6 5. Nd2 Qxb2 6. Rb1 Qxa2 7. e4 Qa5 8. Nf3 d6 9. Rb5 Qd8 10. Qa1 b6 11. Rb3 g6 12. Bb5+ Bd7 13. Be2 Bg7 14. Nc4 a5 15. Nxd6+ Kf8 16. Nc4 b5 17. Nd6 b4 18. c3 Bh3 19. Nxf7 Kxf7 20. gxh3 f5 21. e5 Qxd5 22. c4 Qc6 23. e6+ Kg8 24. Qd1 Bf6 25. Rd3 Qxe6 26. Rd8+ Kg7 0-1

[Event "NDVM 2025 U16"]
[Site "Binz"]
[Date "2025.09.05"]
[Round "2.4"]
[White "Schönherr, Stijn"]
[Black "Belka, David"]
[Result "0-1"]
[EventDate "2025.09.05"]
[Time "14:30:00"]
[Board "4"]
[WhiteElo "1664"]
[BlackElo "1831"]
[WhiteNrv "1654"]
[BlackNrv "1684"]
[WhiteTwz "1654"]
[BlackTwz "1684"]
[WhiteTitle ""]
[BlackTitle ""]
[WhiteFideId "34611622"]
[BlackFideId "533023239"]
[WhiteNatFedId "10756305"]
[BlackNatFedId "10868145"]
[WhiteAttr "M"]
[BlackAttr "M"]
[WhiteTeam "USC Magdeburg"]
[BlackTeam "SC Borussia Lichtenberg"]
[PlyCount "0"]
[Annotator "Rnd./Pair./Board: 02.001.04"]

1. e4 c6 2. d4 d5 3. e5 c5 4. c3 Nc6 5. h3 Bf5 6. Bd3 Bxd3 7. Qxd3 e6 8. Nf3 Nge7 9. O-O cxd4 10. cxd4 Qb6 11. Nc3 Nf5 12. Rd1 Rd8 13. Ne2 Be7 14. Ng3 Nxg3 15. fxg3 h6 16. Qe2 O-O 17. Kh1 Rc8 18. Be3 Nb4 19. Ne1 Rc7 20. a3 Nc6 21. Rac1 Rfc8 22. Rc2 Na5 23. Rdc1 Rxc2 24. Rxc2 Rxc2 25. Qxc2 Nc4 26. Bg1 Qxb2 27. Qxb2 Nxb2 28. Nc2 Kf8 29. Be3 Ke8 30. Kg1 Kd7 31. Kf1 Kc6 32. Bd2 Kb5 33. Bb4 Bxb4 34. axb4 Nd3 0-1

[Event "NDVM 2025 U16"]
[Site "Binz"]
[Date "2025.09.05"]
[Round "2.1"]
[White "Lu, Yunong Elias"]
[Black "Peilert, Maximilian"]
[Result "1-0"]
[EventDate "2025.09.05"]
[Time "14:30:00"]
[Board "1"]
[WhiteElo "2106"]
[BlackElo "1784"]
[WhiteNrv "2073"]
[BlackNrv "1868"]
[WhiteTwz "2073"]
[BlackTwz "1868"]
[WhiteTitle ""]
[BlackTitle ""]
[WhiteFideId "16276426"]
[BlackFideId "34686312"]
[WhiteNatFedId "10711099"]
[BlackNatFedId "10653655"]
[WhiteAttr "M"]
[BlackAttr "M"]
[WhiteTeam "Hamburger SK von 1830 eV"]
[BlackTeam "Think Rochade - SC HRO"]
[PlyCount "0"]
[Annotator "Rnd./Pair./Board: 02.002.01"]

1. e4 c6 2. Nc3 d5 3. Nf3 dxe4 4. Nxe4 Nf6 5. Qe2 Nxe4 6. Qxe4 Qa5 7. c3 Bf5 8. Qf4 e6 9. Be2 Qd8 10. Qg3 Nd7 11. d4 Nf6 12. Ne5 Ne4 13. Qf3 Nf6 14. Qg3 Ne4 15. Qf3 Nf6 16. Bg5 Be7 17. O-O O-O 18. Bd3 Bxd3 19. Qxd3 h6 20. Bh4 Nd7 21. Nxd7 Qxd7 22. Bxe7 Qxe7 23. Qe3 Rac8 24. Rad1 Ra8 25. f4 Qc7 26. f5 exf5 27. Rxf5 Rae8 28. Qf2 Re7 29. Rf1 Rd8 30. Qf3 Rd6 31. Qf4 Rde6 32. Qg4 Re4 33. Qd1 Rh4 34. g3 Rhe4 35. Qa4 Re2 36. R1f2 a6 37. Rxf7 Re1+ 38. Rf1 Rxf7 39. Rxe1 Qd7 40. Qc2 Re7 41. Rxe7 Qxe7 42. h4 Qe3+ 43. Kg2 Kh8 44. a3 Qe1 45. Qf2 Qe4+ 46. Kh2 Qb1 47. Qd2 b5 48. Qe2 Kh7 49. Kg2 Qf5 50. g4 Qb1 51. h5 Kh8 52. Kf3 Qh1+ 53. Kf4 Qc1+ 54. Ke5 Qg5+ 55. Kd6 Qd5+ 56. Kc7 c5 57. Qe8+ Kh7 58. Qg6+ Kh8 59. Qf5 Qb3 60. dxc5 Qxb2 1-0

[Event "NDVM 2025 U16"]
[Site "Binz"]
[Date "2025.09.05"]
[Round "2.2"]
[White "Vakeel, Eshwar"]
[Black "Haertel, Leon"]
[Result "1/2-1/2"]
[EventDate "2025.09.05"]
[Time "14:30:00"]
[Board "2"]
[WhiteElo "1672"]
[BlackElo "1900"]
[WhiteNrv "1666"]
[BlackNrv "1892"]
[WhiteTwz "1666"]
[BlackTwz "1892"]
[WhiteTitle ""]
[BlackTitle ""]
[WhiteFideId "34626514"]
[BlackFideId "34623736"]
[WhiteNatFedId "10736037"]
[BlackNatFedId "10719991"]
[WhiteAttr "M"]
[BlackAttr "M"]
[WhiteTeam "Think Rochade - SC HRO"]
[BlackTeam "Hamburger SK von 1830 eV"]
[PlyCount "0"]
[Annotator "Rnd./Pair./Board: 02.002.02"]

1. d4 Nf6 2. c4 e6 3. Nc3 d5 4. cxd5 exd5 5. Bg5 c6 6. e3 h6 7. Bh4 Be7 8. Bd3 O-O 9. Qc2 Re8 10. Nf3 Nbd7 11. O-O Ne4 12. Bxe4 Bxh4 13. Bh7+ Kh8 14. Nxh4 Qxh4 15. Bd3 Nf6 16. Rab1 Ne4 17. Nxe4 dxe4 18. Bc4 Be6 19. b4 a6 20. a4 Qg5 21. Bxe6 Rxe6 22. Rbc1 1/2-1/2

[Event "NDVM 2025 U16"]
[Site "Binz"]
[Date "2025.09.05"]
[Round "2.3"]
[White "Kellner, Anton"]
[Black "Tank, Julian"]
[Result "1-0"]
[EventDate "2025.09.05"]
[Time "14:30:00"]
[Board "3"]
[WhiteElo "1869"]
[BlackElo "1692"]
[WhiteNrv "1813"]
[BlackNrv "1696"]
[WhiteTwz "1813"]
[BlackTwz "1696"]
[WhiteTitle ""]
[BlackTitle ""]
[WhiteFideId "16293185"]
[BlackFideId "34686339"]
[WhiteNatFedId "10677811"]
[BlackNatFedId "10764561"]
[WhiteAttr "M"]
[BlackAttr "M"]
[WhiteTeam "Hamburger SK von 1830 eV"]
[BlackTeam "Think Rochade - SC HRO"]
[PlyCount "0"]
[Annotator "Rnd./Pair./Board: 02.002.03"]

1. d4 d5 2. c4 c6 3. Nc3 Nf6 4. Nf3 dxc4 5. a4 Bf5 6. e3 e6 7. Bxc4 Nbd7 8. O-O Be7 9. Qe2 O-O 10. e4 Bg4 11. e5 Nd5 12. Nxd5 cxd5 13. Bd3 Rc8 14. Be3 f6 15. exf6 Bxf6 16. h3 Bxf3 17. Qxf3 Qe8 18. Qg4 Qf7 19. f4 Nb6 20. Rfe1 Nc4 21. Qe2 a6 22. Bf2 Rfe8 23. Rac1 Nd6 24. Rxc8 Rxc8 25. Qxe6 Qxe6 26. Rxe6 Rc1+ 27. Kh2 Nc4 28. Re8+ Kf7 29. Rc8 Rd1 30. Bxc4 dxc4 31. Rxc4 Rd2 32. Kg3 Rxb2 33. d5 Rd2 34. Rc7+ Kg6 35. Rxb7 Rxd5 36. Be1 Rd3+ 37. Kh2 Rd4 38. Rb4 Kf5 39. Rxd4 Bxd4 40. Bd2 h5 41. Kg3 g6 42. Kf3 Bc5 43. g4+ hxg4+ 44. hxg4+ Ke6 45. Ke4 Be7 46. Bc3 Bd8 47. Be5 Be7 48. Kd4 Bd8 49. Kc5 Ba5 50. Kc6 g5 51. Bb8 Bd2 52. f5+ Ke7 53. Kb6 1-0

[Event "NDVM 2025 U16"]
[Site "Binz"]
[Date "2025.09.05"]
[Round "2.1"]
[White "Matiashvili, Alexander Michael"]
[Black "Bräutigam, Alexander"]
[Result "1/2-1/2"]
[EventDate "2025.09.05"]
[Time "14:30:00"]
[Board "1"]
[WhiteElo "1883"]
[BlackElo "2166"]
[WhiteNrv "1898"]
[BlackNrv "2155"]
[WhiteTwz "1898"]
[BlackTwz "2155"]
[WhiteTitle ""]
[BlackTitle ""]
[WhiteFideId "16266242"]
[BlackFideId "16245210"]
[WhiteNatFedId "10696495"]
[BlackNatFedId "10624201"]
[WhiteAttr "M"]
[BlackAttr "M"]
[WhiteTeam "SV Königsjäger Süd-West e.V."]
[BlackTeam "SK Doppelbauer Kiel von 1910"]
[PlyCount "0"]
[Annotator "Rnd./Pair./Board: 02.003.01"]

1. e4 c5 2. Nf3 d6 3. d4 cxd4 4. Nxd4 Nf6 5. f3 a6 6. c4 g6 7. Nc3 Bg7 8. Be3 O-O 9. Be2 Nc6 10. Qd2 Nxd4 11. Bxd4 Be6 12. O-O Qc7 13. b3 Rfc8 14. Rac1 Rab8 15. Rfd1 Qa5 16. Kh1 Kf8 17. Rb1 Qh5 18. a4 Nd7 19. Bxg7+ Kxg7 20. f4 Qh4 21. Rf1 Nf6 22. Qd4 Kg8 23. Nd5 Bxd5 24. cxd5 Rc2 25. Bd1 Ng4 26. Bxg4 Qxg4 27. Rf2 Rbc8 28. Rbf1 Rc1 29. Rf3 Qxf3 30. gxf3 Rxf1+ 31. Kg2 Rfc1 32. Qb6 R8c2+ 33. Kg3 Rc7 34. e5 Rd7 35. Qb4 Rc5 36. exd6 exd6 37. Qe4 Rcc7 38. Qb4 Rc8 39. Kg4 f6 40. f5 Re8 41. fxg6 hxg6 42. h4 Kf7 43. f4 Re3 44. f5 Re5 45. fxg6+ Kxg6 46. Kf3 Kf7 47. h5 Rf5+ 48. Kg4 Rg5+ 49. Kf3 Kg7 50. Qf4 Rf7 51. Qxd6 Rxh5 52. Qe6 Re5 53. Qg4+ Rg5 54. Qe6 Kg6 55. Qe4+ Kh6 56. d6 Rgg7 57. Qh4+ Kg6 58. Qg4+ Kh7 59. Qh3+ Kg6 60. Qc8 Kh7 61. Qe6 1/2-1/2

[Event "NDVM 2025 U16"]
[Site "Binz"]
[Date "2025.09.05"]
[Round "2.2"]
[White "Farokhi, Darian"]
[Black "Schäfer, Benjamin"]
[Result "1-0"]
[EventDate "2025.09.05"]
[Time "14:30:00"]
[Board "2"]
[WhiteElo "1851"]
[BlackElo "1967"]
[WhiteNrv "1831"]
[BlackNrv "1895"]
[WhiteTwz "1831"]
[BlackTwz "1895"]
[WhiteTitle ""]
[BlackTitle ""]
[WhiteFideId "16253108"]
[BlackFideId "34616390"]
[WhiteNatFedId "10642131"]
[BlackNatFedId "10725457"]
[WhiteAttr "M"]
[BlackAttr "M"]
[WhiteTeam "SK Doppelbauer Kiel von 1910"]
[BlackTeam "SV Königsjäger Süd-West e.V."]
[PlyCount "0"]
[Annotator "Rnd./Pair./Board: 02.003.02"]

1. e4 e5 2. Nf3 Nc6 3. Bc4 Bc5 4. c3 Nf6 5. d3 O-O 6. O-O a6 7. a4 Ba7 8. Bg5 d6 9. h3 Be6 10. Bxe6 fxe6 11. Nbd2 Qd7 12. Re1 d5 13. Qc2 Nh5 14. Nf1 Qf7 15. Kh1 Nf4 16. Bxf4 Qxf4 17. Re2 d4 18. c4 Ne7 19. b4 Ng6 20. N1h2 Qh6 21. Qd2 Nf4 22. Ree1 Qh5 23. h4 c6 24. g3 Ng6 25. g4 Qh6 26. Qxh6 gxh6 27. h5 Nf4 28. Nxe5 Rad8 29. Ra3 Bb8 30. Nef3 e5 31. Nh4 Rf6 32. Nf5 Kh8 33. Kg1 Rg8 34. Kf1 Bc7 35. Rb1 Rb8 36. Ke1 a5 37. Kf1 axb4 38. Rxb4 Ba5 39. Rb1 c5 40. Nf3 Bb4 41. Rab3 Re8 42. Ne1 b6 43. Nc2 Ba5 44. Ne1 Rg8 45. f3 Bb4 46. Ng2 Ra8 47. Nxf4 exf4 48. Ra1 Re8 49. Ra2 Kg8 50. Rg2 Ra8 51. Ne7+ Kf7 52. Nd5 Rxa4 53. Nxf6 Kxf6 54. Re2 Ke5 55. Rb1 Ra3 56. Rd1 Ra7 57. Rb2 Ra8 58. Kg2 Ra7 59. Kh3 Ra6 60. Rg2 Kf6 61. Kh4 1-0

[Event "NDVM 2025 U16"]
[Site "Binz"]
[Date "2025.09.05"]
[Round "2.3"]
[White "Thümler, Floris"]
[Black "Charchulla, Moritz"]
[Result "1/2-1/2"]
[EventDate "2025.09.05"]
[Time "14:30:00"]
[Board "3"]
[WhiteElo "1844"]
[BlackElo "1770"]
[WhiteNrv "1747"]
[BlackNrv "1702"]
[WhiteTwz "1747"]
[BlackTwz "1702"]
[WhiteTitle ""]
[BlackTitle ""]
[WhiteFideId "16296435"]
[BlackFideId "34607579"]
[WhiteNatFedId "10720115"]
[BlackNatFedId "10737333"]
[WhiteAttr "M"]
[BlackAttr "M"]
[WhiteTeam "SV Königsjäger Süd-West e.V."]
[BlackTeam "SK Doppelbauer Kiel von 1910"]
[PlyCount "0"]
[Annotator "Rnd./Pair./Board: 02.003.03"]

1. e4 e5 2. Nf3 Nc6 3. Bb5 a6 4. Bxc6 dxc6 5. O-O Bd6 6. d4 Bg4 7. dxe5 Bxf3 8. Qxf3 Bxe5 9. Nc3 Nf6 10. Bf4 Bxf4 11. Qxf4 O-O 12. Rad1 Qe7 13. e5 Nd7 14. Rfe1 Rac8 15. Qg4 Rcd8 16. f4 Nb6 17. Ne4 Rxd1 18. Rxd1 Nd5 19. Rd3 f5 20. exf6 Nxf6 21. Nxf6+ Rxf6 22. h3 Rd6 23. Qc8+ Kf7 24. Qxb7 Rxd3 25. cxd3 Qe3+ 26. Kh1 Qc1+ 27. Kh2 1/2-1/2

[Event "NDVM 2025 U16"]
[Site "Binz"]
[Date "2025.09.05"]
[Round "2.4"]
[White "Johannsen, Bjarne"]
[Black "Bickerich, Philipp"]
[Result "1/2-1/2"]
[EventDate "2025.09.05"]
[Time "14:30:00"]
[Board "4"]
[WhiteElo "1647"]
[BlackElo "1612"]
[WhiteNrv "1403"]
[BlackNrv "1542"]
[WhiteTwz "1403"]
[BlackTwz "1542"]
[WhiteTitle ""]
[BlackTitle ""]
[WhiteFideId "34671633"]
[BlackFideId "34604995"]
[WhiteNatFedId "10767815"]
[BlackNatFedId "10705569"]
[WhiteAttr "M"]
[BlackAttr "M"]
[WhiteTeam "SK Doppelbauer Kiel von 1910"]
[BlackTeam "SV Königsjäger Süd-West e.V."]
[PlyCount "0"]
[Annotator "Rnd./Pair./Board: 02.003.04"]

1. e4 e5 2. Nf3 Nf6 3. Nxe5 Nxe4 4. Qe2 Qe7 5. Qxe4 d6 6. Bc4 Qxe5 7. Qxe5+ dxe5 8. O-O Bd6 9. Nc3 a6 10. a4 O-O 11. d3 Nc6 12. Ne4 Be7 13. f4 Nd4 14. c3 Ne2+ 15. Kh1 Nxf4 16. Bxf4 exf4 17. Rxf4 Be6 18. Bxe6 fxe6 19. Raf1 Rxf4 20. Rxf4 Rf8 21. Rxf8+ Kxf8 22. Kg1 e5 23. Kf2 Kf7 24. Kf3 Ke6 25. c4 c6 26. Ke3 b5 27. cxb5 cxb5 28. axb5 axb5 29. d4 Kf5 30. d5 h6 31. Ng3+ Kg6 32. Ke4 Kf6 33. Nh5+ Kg6 34. g4 Bd6 35. h3 Bc7 36. Ng3 Kg5 37. Nh1 g6 38. Nf2 Kf6 39. Nd3 Bd6 40. h4 Bc7 41. b3 Bd6 42. g5+ hxg5 43. hxg5+ Kxg5 44. Nxe5 Kf6 45. Nc6 g5 46. Na7 b4 47. Nb5 Ke7 48. Kf5 Bf4 49. Nd4 Kd6 50. Ke4 Kd7 51. Nf3 Kd6 52. Nd4 Kd7 53. Nf3 1/2-1/2

[Event "NDVM 2025 U16"]
[Site "Binz"]
[Date "2025.09.05"]
[Round "2.1"]
[White "Böhler, Yannic"]
[Black "Direk, Oguzhan"]
[Result "0-1"]
[EventDate "2025.09.05"]
[Time "14:30:00"]
[Board "1"]
[WhiteElo "1848"]
[BlackElo "2013"]
[WhiteNrv "1865"]
[BlackNrv "1925"]
[WhiteTwz "1865"]
[BlackTwz "1925"]
[WhiteTitle ""]
[BlackTitle ""]
[WhiteFideId "34609059"]
[BlackFideId "16294343"]
[WhiteNatFedId "10763953"]
[BlackNatFedId "10749313"]
[WhiteAttr "M"]
[BlackAttr "M"]
[WhiteTeam "SC Schachelschweine e.V."]
[BlackTeam "Hagener SV"]
[PlyCount "0"]
[Annotator "Rnd./Pair./Board: 02.004.01"]

1. c4 e6 2. g3 d5 3. Bg2 Nf6 4. Nf3 Be7 5. O-O O-O 6. b3 c6 7. Bb2 Nbd7 8. e3 b6 9. Nc3 Bb7 10. d3 Qc7 11. Qe2 Rad8 12. Ne1 dxc4 13. bxc4 c5 14. f4 Bxg2 15. Nxg2 Nb8 16. g4 Nc6 17. g5 Ne8 18. Ne4 f5 19. gxf6 Nxf6 20. Ng5 Qd6 21. Rad1 e5 22. f5 Rfe8 23. Ne6 Rd7 24. e4 Nd8 25. Nxd8 Rexd8 26. Ne3 Kh8 27. Nd5 Rg8 28. Kh1 Nxd5 29. exd5 Bf6 30. Rde1 Re7 31. Qh5 Rge8 32. Re4 b5 33. Rf3 Rb8 34. Bc3 bxc4 35. dxc4 Rb1+ 36. Kg2 Rc1 37. Rh3 Rc2+ 38. Kf1 h6 39. Qg6 Qb6 40. Rg4 Rxc3 41. Rxc3 Qb1+ 42. Ke2 Qb2+ 43. Kd3 e4+ 0-1

[Event "NDVM 2025 U16"]
[Site "Binz"]
[Date "2025.09.05"]
[Round "2.2"]
[White "Möller, Tom"]
[Black "Busch, Lara Sophie"]
[Result "1-0"]
[EventDate "2025.09.05"]
[Time "14:30:00"]
[Board "2"]
[WhiteElo "1919"]
[BlackElo "1704"]
[WhiteNrv "1920"]
[BlackNrv "1640"]
[WhiteTwz "1920"]
[BlackTwz "1640"]
[WhiteTitle ""]
[BlackTitle ""]
[WhiteFideId "16287215"]
[BlackFideId "34664866"]
[WhiteNatFedId "10713995"]
[BlackNatFedId "10818677"]
[WhiteAttr "M"]
[BlackAttr "W"]
[WhiteTeam "Hagener SV"]
[BlackTeam "SC Schachelschweine e.V."]
[PlyCount "0"]
[Annotator "Rnd./Pair./Board: 02.004.02"]

1. d4 d5 2. Nc3 Nf6 3. Bf4 c6 4. e3 Bf5 5. f3 e6 6. g4 Bg6 7. h4 h6 8. Bd3 Bxd3 9. Qxd3 Bd6 10. Nge2 Bxf4 11. Nxf4 Nbd7 12. O-O-O e5 13. dxe5 Nxe5 14. Qf5 Nfd7 15. Nd3 Qe7 16. e4 Nc4 17. exd5 Ne3 18. Qf4 Nxd1 19. Re1 Qxe1 20. Nxe1 Nxc3 21. Qe3+ Kf8 22. Qxc3 c5 23. Nd3 b6 24. Ne5 Nf6 25. Qc4 Re8 26. f4 Ke7 27. d6+ Kxd6 28. Nxf7+ Kc7 29. Nxh8 Rxh8 30. Qf7+ Nd7 31. Qxg7 Rf8 32. Qxh6 Rf6 33. Qg5 Rd6 34. h5 Nf6 35. h6 Nd5 36. h7 Ne3 37. Qe7+ Rd7 38. Qxd7+ Kxd7 39. h8=Q Nxg4 40. Qg7+ Kd6 41. Qxg4 c4 42. Qe6+ Kc5 43. f5 c3 44. f6 cxb2+ 45. Kxb2 b5 46. f7 a5 47. f8=Q+ Kd4 48. Qfd6# 1-0

[Event "NDVM 2025 U16"]
[Site "Binz"]
[Date "2025.09.05"]
[Round "2.3"]
[White "Redmer, Till"]
[Black "Schöne, Finn"]
[Result "0-1"]
[EventDate "2025.09.05"]
[Time "14:30:00"]
[Board "3"]
[WhiteElo "1730"]
[BlackElo "1914"]
[WhiteNrv "1478"]
[BlackNrv "1870"]
[WhiteTwz "1478"]
[BlackTwz "1870"]
[WhiteTitle ""]
[BlackTitle ""]
[WhiteFideId "34686150"]
[BlackFideId "34623493"]
[WhiteNatFedId "10732403"]
[BlackNatFedId "10781329"]
[WhiteAttr "M"]
[BlackAttr "M"]
[WhiteTeam "SC Schachelschweine e.V."]
[BlackTeam "Hagener SV"]
[PlyCount "0"]
[Annotator "Rnd./Pair./Board: 02.004.03"]

1. c4 e6 2. g3 d5 3. cxd5 exd5 4. Bg2 c6 5. Nf3 f5 6. d4 Nf6 7. O-O Bd6 8. Nc3 O-O 9. e3 Ne4 10. Nd2 Nd7 11. Ndxe4 fxe4 12. Ne2 Nf6 13. Bd2 Bg4 14. f3 exf3 15. Bxf3 Qe7 16. Nf4 Bxf3 17. Rxf3 Rae8 18. a3 Ne4 19. Qe1 g5 20. Bb4 gxf4 21. exf4 Qf6 22. Bxd6 Nxd6 23. Qb4 Re4 24. Rd1 Rfe8 25. Rf2 Qe7 26. Qd2 Nc4 27. Qb4 Qxb4 28. axb4 Re2 29. b3 Nd6 30. Ra1 a6 31. Kf1 Rxf2+ 32. Kxf2 Re4 33. Rd1 Nb5 0-1

[Event "NDVM 2025 U16"]
[Site "Binz"]
[Date "2025.09.05"]
[Round "2.1"]
[White "Tulchynsky, Mark"]
[Black "Helms, Finn"]
[Result "0-1"]
[EventDate "2025.09.05"]
[Time "14:30:00"]
[Board "1"]
[WhiteElo "1830"]
[BlackElo "2106"]
[WhiteNrv "1841"]
[BlackNrv "2105"]
[WhiteTwz "1841"]
[BlackTwz "2105"]
[WhiteTitle ""]
[BlackTitle ""]
[WhiteFideId "34617698"]
[BlackFideId "16249143"]
[WhiteNatFedId "10678759"]
[BlackNatFedId "10635853"]
[WhiteAttr "M"]
[BlackAttr "M"]
[WhiteTeam "KSV Rochade Göttingen (Veltheim)"]
[BlackTeam "SAbt SV Werder Bremen"]
[PlyCount "0"]
[Annotator "Rnd./Pair./Board: 02.005.01"]

1. e4 c6 2. d3 d5 3. Nd2 e5 4. Ngf3 Bd6 5. d4 exd4 6. exd5 Nf6 7. dxc6 O-O 8. Be2 Nxc6 9. O-O Bc7 10. Nb3 Bb6 11. Bg5 Bf5 12. Qd2 Qd6 13. Bf4 Qd5 14. Rad1 Rad8 15. c4 Qe6 16. Bd3 Bxd3 17. Qxd3 Nb4 18. Qb1 Qxc4 19. Ne5 Qd5 20. Nd3 Nc6 21. Bg3 Rfe8 22. Rfe1 Qf5 23. Nd2 Qb5 24. a3 a5 25. Nf3 a4 26. Nfe5 Ba5 27. Re2 Rd5 28. f4 Ng4 29. h3 Ne3 30. Ng4 Rdd8 0-1

[Event "NDVM 2025 U16"]
[Site "Binz"]
[Date "2025.09.05"]
[Round "2.3"]
[White "Maraun, Lias"]
[Black "Halich, Jan Finnian"]
[Result "0-1"]
[EventDate "2025.09.05"]
[Time "14:30:00"]
[Board "3"]
[WhiteElo "1767"]
[BlackElo "1617"]
[WhiteNrv "1643"]
[BlackNrv "1575"]
[WhiteTwz "1643"]
[BlackTwz "1575"]
[WhiteTitle ""]
[BlackTitle ""]
[WhiteFideId "533017441"]
[BlackFideId "34623710"]
[WhiteNatFedId "10836849"]
[BlackNatFedId "10753837"]
[WhiteAttr "M"]
[BlackAttr "M"]
[WhiteTeam "KSV Rochade Göttingen (Veltheim)"]
[BlackTeam "SAbt SV Werder Bremen"]
[PlyCount "0"]
[Annotator "Rnd./Pair./Board: 02.005.03"]

1. e4 e6 2. d4 d5 3. Nc3 Nf6 4. e5 Nfd7 5. f4 c5 6. Nf3 Nc6 7. Be3 a6 8. Qd2 Qc7 9. g3 cxd4 10. Nxd4 Nxd4 11. Bxd4 Bc5 12. Bg2 Nb6 13. b3 Bd7 14. Ne2 Bb5 15. Bxc5 Qxc5 16. Nd4 Bc6 17. O-O Rc8 18. Kh1 g6 19. g4 Qe7 20. f5 h5 21. fxg6 fxg6 22. Rf6 Bd7 23. Qg5 hxg4 24. Qxg6+ Kd8 25. Qxg4 Qh7 26. h3 Kc7 27. Nxe6+ Kb8 28. Qg6 Qh4 29. Nf4 Rcg8 30. Qd3 Rg3 31. Qe2 Bg4 32. Qd2 Bxh3 33. Rf8+ Rxf8 34. Nxh3 Rxh3+ 35. Bxh3 Qxh3+ 36. Qh2 Rf1+ 37. Rxf1 Qxf1+ 38. Qg1 Qxg1+ 39. Kxg1 Kc7 40. Kf2 Kd7 41. Ke3 Ke6 42. Kd4 Nd7 43. c4 dxc4 44. bxc4 Nxe5 45. Kc5 Kd7 46. Kb6 Kc8 47. c5 Nd7+ 0-1

[Event "NDVM 2025 U16"]
[Site "Binz"]
[Date "2025.09.05"]
[Round "2.1"]
[White "Hellenbroich, Hanno"]
[Black "Drechsler, Andor"]
[Result "1-0"]
[EventDate "2025.09.05"]
[Time "14:30:00"]
[Board "1"]
[WhiteElo "1873"]
[BlackElo "1747"]
[WhiteNrv "1897"]
[BlackNrv "1860"]
[WhiteTwz "1897"]
[BlackTwz "1860"]
[WhiteTitle ""]
[BlackTitle ""]
[WhiteFideId "16270762"]
[BlackFideId "16266900"]
[WhiteNatFedId "10664473"]
[BlackNatFedId "10685473"]
[WhiteAttr "M"]
[BlackAttr "M"]
[WhiteTeam "Lübecker SV von 1873"]
[BlackTeam "SAV Torgelow-Drögeheide 90"]
[PlyCount "0"]
[Annotator "Rnd./Pair./Board: 02.006.01"]

1. e4 c6 2. Nf3 d5 3. Nc3 g6 4. exd5 cxd5 5. d4 Bg7 6. Be3 Nf6 7. h4 Bf5 8. Ne5 h5 9. Bd3 Bxd3 10. Qxd3 Nbd7 11. Nf3 a6 12. O-O-O b5 13. Rhe1 Rc8 14. Ne5 e6 15. Bg5 O-O 16. g4 Qc7 17. Nxd7 Qxd7 18. Bxf6 Bxf6 19. gxh5 gxh5 20. Qf3 b4 21. Rg1+ Bg7 22. Rxg7+ Kxg7 1-0

[Event "NDVM 2025 U16"]
[Site "Binz"]
[Date "2025.09.05"]
[Round "2.2"]
[White "Briese, Paul"]
[Black "Petrow, Andre"]
[Result "0-1"]
[EventDate "2025.09.05"]
[Time "14:30:00"]
[Board "2"]
[WhiteElo "1724"]
[BlackElo "1835"]
[WhiteNrv "1704"]
[BlackNrv "1731"]
[WhiteTwz "1704"]
[BlackTwz "1731"]
[WhiteTitle ""]
[BlackTitle ""]
[WhiteFideId "16273826"]
[BlackFideId "34612815"]
[WhiteNatFedId "10694861"]
[BlackNatFedId "10769617"]
[WhiteAttr "M"]
[BlackAttr "M"]
[WhiteTeam "SAV Torgelow-Drögeheide 90"]
[BlackTeam "Lübecker SV von 1873"]
[PlyCount "0"]
[Annotator "Rnd./Pair./Board: 02.006.02"]

1. e4 c5 2. Nf3 Nc6 3. d4 cxd4 4. Nxd4 Nf6 5. Nc3 d6 6. Bc4 Bd7 7. O-O g6 8. Kh1 Bg7 9. Nb3 O-O 10. Bg5 Rc8 11. Be2 Ne5 12. h3 Rxc3 13. bxc3 Nxe4 14. Bd2 Qc8 15. Rb1 Bxh3 16. gxh3 Qxh3+ 17. Kg1 Nf3+ 18. Bxf3 Be5 19. Bf4 Bxf4 0-1